000
00368nam a2200169Ia 4500
003
0100
008
130303s9999 xx 000 0 und d
040
_c
ARRUPELIB
050
_a
RA644.A25A344541991
100
_a
Reamer, Frederick G. (ed)
245
_a
Aids and Ethics
260
_a
NY
260
_b
Columbia UP
260
_C
1991
300
_a
317p
942
0
0
_0
2
999
_c
19933
_d
19933